000 00509nam a2200181Ia 4500
001 7704
005 20260306160515.0
008 260306t2023||||xx |||||||||||||| ||spa||
041 _aESP
082 _a354.367
_bM61
110 _aMinisterio de Desarrollo Agrario y Riego. Autoridad Nacional del Agua
245 0 _aPlan de gestión de los recursos hídricos de la Cuenca Quilca Chili
260 _c2023
300 _a299 páginas :
_c29 cm.
650 _aGEN
654 _aCIA
942 _cLIB
_dJUS
_fJUS
_2ddc
_n
999 _c7704
_d7704